<?xml version="1.0" encoding="UTF-8"?><?xml-stylesheet type="text/xsl" href="static/style.xsl"?><OAI-PMH xmlns="http://www.openarchives.org/OAI/2.0/" xmlns:xsi="http://www.w3.org/2001/XMLSchema-instance" xsi:schemaLocation="http://www.openarchives.org/OAI/2.0/ http://www.openarchives.org/OAI/2.0/OAI-PMH.xsd"><responseDate>2026-04-14T02:07:00Z</responseDate><request verb="GetRecord" identifier="oai:www.recercat.cat:11351/12225" metadataPrefix="marc">https://recercat.cat/oai/request</request><GetRecord><record><header><identifier>oai:recercat.cat:11351/12225</identifier><datestamp>2025-10-24T02:03:10Z</datestamp><setSpec>com_2072_378070</setSpec><setSpec>com_2072_378040</setSpec><setSpec>col_2072_378092</setSpec></header><metadata><record xmlns="http://www.loc.gov/MARC21/slim" xmlns:dcterms="http://purl.org/dc/terms/" xmlns:xsi="http://www.w3.org/2001/XMLSchema-instance" xmlns:doc="http://www.lyncode.com/xoai" xsi:schemaLocation="http://www.loc.gov/MARC21/slim http://www.loc.gov/standards/marcxml/schema/MARC21slim.xsd">
   <leader>00925njm 22002777a 4500</leader>
   <datafield ind2=" " ind1=" " tag="042">
      <subfield code="a">dc</subfield>
   </datafield>
   <datafield ind2=" " ind1=" " tag="720">
      <subfield code="a">Kim, Sung-Bae</subfield>
      <subfield code="e">author</subfield>
   </datafield>
   <datafield ind2=" " ind1=" " tag="720">
      <subfield code="a">Barrios, Carlos</subfield>
      <subfield code="e">author</subfield>
   </datafield>
   <datafield ind2=" " ind1=" " tag="720">
      <subfield code="a">O'Shaughnessy, Joyce</subfield>
      <subfield code="e">author</subfield>
   </datafield>
   <datafield ind2=" " ind1=" " tag="720">
      <subfield code="a">Isakoff, Steven</subfield>
      <subfield code="e">author</subfield>
   </datafield>
   <datafield ind2=" " ind1=" " tag="720">
      <subfield code="a">Oliveira, Mafalda</subfield>
      <subfield code="e">author</subfield>
   </datafield>
   <datafield ind2=" " ind1=" " tag="720">
      <subfield code="a">Dent, Rebecca</subfield>
      <subfield code="e">author</subfield>
   </datafield>
   <datafield ind2=" " ind1=" " tag="260">
      <subfield code="c">2024-11-14T13:42:41Z</subfield>
   </datafield>
   <datafield ind2=" " ind1=" " tag="260">
      <subfield code="c">2024-11-14T13:42:41Z</subfield>
   </datafield>
   <datafield ind2=" " ind1=" " tag="260">
      <subfield code="c">2024-10-01</subfield>
   </datafield>
   <datafield ind2=" " ind1=" " tag="520">
      <subfield code="a">Ipatasertib: Triple-negative breast cancer</subfield>
   </datafield>
   <datafield ind2=" " ind1=" " tag="520">
      <subfield code="a">Ipatasertib; Cáncer de mama triple negativo</subfield>
   </datafield>
   <datafield ind2=" " ind1=" " tag="520">
      <subfield code="a">Ipatasertib; Càncer de mama triple negatiu</subfield>
   </datafield>
   <datafield ind2=" " ind1=" " tag="520">
      <subfield code="a">Purpose:&#xd;
In the randomized phase II LOTUS trial, combining ipatasertib with first-line paclitaxel for triple-negative breast cancer (TNBC) improved progression-free survival (PFS), particularly in patients with PIK3CA/AKT1/PTEN-altered tumors. We aimed to validate these findings in a biomarker-selected TNBC population.&#xd;
Patients and Methods:&#xd;
In Cohort A of the randomized double-blind placebo-controlled phase III IPATunity130 trial, taxane-eligible patients with PIK3CA/AKT1/PTEN-altered measurable advanced TNBC and no prior chemotherapy for advanced disease were randomized 2:1 to ipatasertib (400 mg, days 1–21) or placebo, both plus paclitaxel (80 mg/m2, days 1, 8, and 15), every 28 days until disease progression or unacceptable toxicity. The primary endpoint was investigator-assessed PFS.&#xd;
Results:&#xd;
Between February 2018 and April 2020, 255 patients were randomized (168 to ipatasertib, 87 to placebo). At the primary analysis, there was no significant difference between treatment arms in PFS [hazard ratio 1.02, 95% confidence interval (CI), 0.71–1.45; median 7.4 months with ipatasertib vs. 6.1 months with placebo]. The final analysis showed no difference in overall survival between treatment arms (hazard ratio 1.08, 95% CI, 0.73–1.58; median 24.4 vs. 24.9 months, respectively). Ipatasertib was associated with more grade ≥3 diarrhea (9% vs. 2%) and adverse events leading to dose reduction (39% vs. 14%) but similar incidences of grade ≥3 adverse events (51% vs. 46%). Exploratory subgroup analyses by PAM50 and Burstein gene expression showed inconsistent results.&#xd;
Conclusions:&#xd;
Adding ipatasertib to paclitaxel did not improve efficacy in PIK3CA/AKT1/PTEN-altered advanced TNBC. Biomarkers for benefit from PI3K/AKT pathway inhibition in TNBC remain poorly understood.</subfield>
   </datafield>
   <datafield ind2=" " ind1=" " tag="520">
      <subfield code="a">This work was supported by Genentech/Roche. Medical writing assistance was provided by Jennifer Kelly, MA (Medi-Kelsey Ltd.), funded by F. Hoffmann-La Roche Ltd., Basel, Switzerland. No grant number is applicable.</subfield>
   </datafield>
   <datafield tag="653" ind2=" " ind1=" ">
      <subfield code="a">Mama - Càncer - Tractament</subfield>
   </datafield>
   <datafield tag="653" ind2=" " ind1=" ">
      <subfield code="a">Quimioteràpia combinada</subfield>
   </datafield>
   <datafield tag="653" ind2=" " ind1=" ">
      <subfield code="a">Marcadors tumorals</subfield>
   </datafield>
   <datafield tag="653" ind2=" " ind1=" ">
      <subfield code="a">ANALYTICAL, DIAGNOSTIC AND THERAPEUTIC TECHNIQUES, AND EQUIPMENT::Therapeutics::Therapeutics::Drug Therapy::Antineoplastic Protocols::Therapeutics::Drug Therapy::Antineoplastic Combined Chemotherapy Protocols</subfield>
   </datafield>
   <datafield tag="653" ind2=" " ind1=" ">
      <subfield code="a">DISEASES::Neoplasms::Neoplasms by Site::Breast Neoplasms::Triple Negative Breast Neoplasms</subfield>
   </datafield>
   <datafield tag="653" ind2=" " ind1=" ">
      <subfield code="a">Other subheadings::Other subheadings::Other subheadings::/drug therapy</subfield>
   </datafield>
   <datafield tag="653" ind2=" " ind1=" ">
      <subfield code="a">CHEMICALS AND DRUGS::Biological Factors::Biomarkers::Biomarkers, Tumor</subfield>
   </datafield>
   <datafield tag="653" ind2=" " ind1=" ">
      <subfield code="a">TÉCNICAS Y EQUIPOS ANALÍTICOS, DIAGNÓSTICOS Y TERAPÉUTICOS::terapéutica::terapéutica::farmacoterapia::protocolos antineoplásicos::terapéutica::farmacoterapia::protocolos de quimioterapia antineoplásica combinada</subfield>
   </datafield>
   <datafield tag="653" ind2=" " ind1=" ">
      <subfield code="a">ENFERMEDADES::neoplasias::neoplasias por localización::neoplasias de la mama::neoplasias de mama triple negativos</subfield>
   </datafield>
   <datafield tag="653" ind2=" " ind1=" ">
      <subfield code="a">Otros calificadores::Otros calificadores::Otros calificadores::/farmacoterapia</subfield>
   </datafield>
   <datafield tag="653" ind2=" " ind1=" ">
      <subfield code="a">COMPUESTOS QUÍMICOS Y DROGAS::factores biológicos::biomarcadores::marcadores tumorales</subfield>
   </datafield>
   <datafield ind2="0" ind1="0" tag="245">
      <subfield code="a">Ipatasertib plus Paclitaxel for Patients with PIK3CA/AKT1/PTEN-Altered Locally Advanced Unresectable or Metastatic Triple-Negative Breast Cancer in the IPATunity130 Phase III Trial</subfield>
   </datafield>
</record></metadata></record></GetRecord></OAI-PMH>